Dotácie v daňovej evidencii v roku 2018
Daňová evidencia je zjednodušená evidencia, ktorú môže viesť podnikajúca fyzická osoba podľa § 6 ods. 11 zákona č. 595/2003 Z. z. o dani z príjmov v z. n. p. Ilustračné príklady.
Salvato in:
| Autore principale: | |
|---|---|
| Natura: | Capitolo di libro |
| Lingua: | slovacco |
| Soggetti: | |
| Tags: |
Nessun Tag, puoi essere il primo ad aggiungerne!!
|
MARC
| LEADER | 00000naa a2200000 4500 | ||
|---|---|---|---|
| 001 | 0249611 | ||
| 005 | 20221104110815.2 | ||
| 041 | 0 | |a slo | |
| 044 | |a SK | ||
| 245 | 1 | 0 | |a Dotácie v daňovej evidencii v roku 2018 |c Jarmila Strählová |
| 520 | |a Daňová evidencia je zjednodušená evidencia, ktorú môže viesť podnikajúca fyzická osoba podľa § 6 ods. 11 zákona č. 595/2003 Z. z. o dani z príjmov v z. n. p. Ilustračné príklady. | ||
| 610 | 2 | 0 | |a dotácie |
| 610 | 2 | 0 | |a osoby fyzické |
| 610 | 2 | 0 | |a evidencia daňová |
| 610 | 2 | 0 | |a dane z príjmov |
| 100 | 1 | |a Strählová, Jarmila | |